书目信息 |
| 题名: |
自由神与物质王的角逐
|
|
| 作者: | 梁隽 , 朱海峰 编著 | |
| 分册: | ||
| 出版信息: | 北京 中国水利水电出版社 2006.08 |
|
| 页数: | 226页 | |
| 开本: | 24cm | |
| 丛书名: | 世界文化通览丛书 | |
| 单 册: | ||
| 中图分类: | G171.22 | |
| 科图分类: | ||
| 主题词: | 文化--wen hua--专题研究--美国 | |
| 电子资源: | ||
| ISBN: | 7-5084-3580-X | |
| 000 | 01021nam 2200277 450 | |
| 001 | 012007482687 | |
| 005 | 20071205102523.76 | |
| 010 | @a7-5084-3580-X@dCNY36.80 | |
| 100 | @a20071205d2006 km y0chi0120 ea | |
| 101 | 0 | @achi |
| 102 | @aCN@b110000 | |
| 105 | @aa z 000yy | |
| 106 | @ar | |
| 200 | 1 | @a自由神与物质王的角逐@Azi you shen yu wu zhi wang de jiao zhu@e美国文化的面貌与精神@f梁隽, 朱海峰编著@Fliang juan,zhu hai feng bian zhu |
| 210 | @a北京@c中国水利水电出版社@d2006.08 | |
| 215 | @a226页@c图@d24cm | |
| 225 | 2 | @a世界文化通览丛书@Ashi jie wen hua tong lan cong shu |
| 330 | @a本书图文结合,选择20个文化专题,力求从不同的领域和侧面认识美国的文化面貌与精神。 | |
| 410 | 0 | @12001 @a世界文化通览丛书 |
| 517 | 1 | @a美国文化的面貌与精神@Amei guo wen hua de mian mao yu jing shen |
| 606 | 0 | @a文化@Awen hua@x专题研究@y美国 |
| 690 | @aG171.22@v4 | |
| 701 | 0 | @a梁隽@Aliang juan@4编著 |
| 701 | 0 | @a朱海峰@Azhu hai feng@4编著 |
| 801 | 0 | @aCN@bQSSK@c20071205 |
| 905 | @b270934-36@dG171.22@eL403@f3 | |
| 自由神与物质王的角逐:美国文化的面貌与精神/梁隽, 朱海峰编著.-北京:中国水利水电出版社,2006.08 |
| 226页:图;24cm.-(世界文化通览丛书) |
| ISBN 7-5084-3580-X:CNY36.80 |
| 本书图文结合,选择20个文化专题,力求从不同的领域和侧面认识美国的文化面貌与精神。 |
| ● |
| 相关链接 |
|
|
|
正题名:自由神与物质王的角逐
索取号:G171.22/L403
 
预约/预借
| 序号 | 登录号 | 条形码 | 馆藏地/架位号 | 状态 | 备注 |
| 1 | 270934 | 202709346 | 社科库409/409社科库 56排5列5层/ [索取号:G171.22/L403] | 在馆 | |
| 2 | 270935 | 202709355 | 社科二线422/409社科库 56排5列5层/ [索取号:G171.22/L403] | 在馆 | |
| 3 | 270936 | 202709364 | 社科二线422/409社科库 56排5列5层/ [索取号:G171.22/L403] | 在馆 |